Statistics for Imperial Quiz

Click here to take the quiz!

General Stats

  • This quiz has been taken 3,808 times
  • The average score is 7 of 13

Answer Stats

HintAnswer% Correct
Overthrown by Hernando Cortes and the SpanishAztec Empire
94%
Conquered by Spannish under Francisco PizarroInca Empire
81%
Northern Empire ruled by TsarsRussian Empire
81%
Its banner, the Swastika, is still well-known todayNazi Germany
72%
Attained its peak under the rule of Justinian IByzantine Empire
66%
Famously failed to defeat tiny GreecePersian Empire
63%
Turned from republic to empire by OctavianRoman Empire
63%
Spanned over Southeast Asia from its capital in AngkorKhmer Empire
40%
Once controlled 22% of the world's land area!British Empire
33%
Defeated and succeeded the empire in preceding itemOttoman Empire
33%
Started by Temujin; grew into the largest empire of its timeMongol Empire
23%
Flourished in India after Alexander's DeathMaurya Empire
7%
Credited with the invention of chess and the number "zero"Gupta Empire
4%

Score Distribution

Percentile by Number Answered

Percent of People with Each Score

Your Score History

You have not taken this quiz